Statistics for British and American Words by Common Definition #2

Click here to take the quiz!

General Stats

  • This quiz has been taken 43 times
  • The average score is 26 of 40

Answer Stats

DefinitionWord% Correct
Long rectangular piece of deep-fried potatochip
92%
Long rectangular piece of deep-fried potatoFrench fry
89%
Extended period of leisure and recreation, especially one spent away from home or in travellingholiday
89%
Person who is employed to deliver or collect letters and parcelspostman
89%
Extended period of leisure and recreation, especially one spent away from home or in travellingvacation
89%
Printed or written list of charges owed after a restaurant mealbill
87%
Purple egg-shaped fruit of a tropical Old World plant, eaten as a vegetableeggplant
87%
Small bag used by a woman to carry everyday personal itemspurse
87%
Paved path for pedestrians at the side of a roadsidewalk
87%
Outer garment covering the waist to the ankles, with a separate part for each legpants
84%
Outer garment covering the waist to the ankles, with a separate part for each legtrousers
84%
Mass of pink or white fluffy spun sugar wrapped round a stick{cotton} {candy}
79%
Powered flying vehicle with fixed wings and a weight greater than that of the air it displacesairplane
76%
Powered flying vehicle with fixed wings and a weight greater than that of the air it displacesaeroplane
74%
Printed or written list of charges owed after a restaurant mealcheck
74%
Soft sports shoe suitable for casual wearsneaker
74%
Purple egg-shaped fruit of a tropical Old World plant, eaten as a vegetableaubergine
71%
Paved path for pedestrians at the side of a roadpavement
71%
Light fuel oil obtained by distilling petroleum and used in internal combustion enginespetrol
71%
Soft sports shoe suitable for casual weartrainer
71%
Mass of pink or white fluffy spun sugar wrapped round a stickcandyfloss
68%
Small bag used by a woman to carry everyday personal itemshandbag
68%
Person who is employed to deliver or collect letters and parcelsmailman
68%
Bag or basket on wheels, used for supermarket purchases or luggage at an airport or railway stationcart
66%
High, close-fitting, turned-over collar on a sweater{turtle}neck
66%
Bag or basket on wheels, used for supermarket purchases or luggage at an airport or railway stationtrolley
61%
Board for displaying notices{notice}board
58%
Close-fitting waist-length garment with no sleeves, and buttoning down the frontvest
58%
Small baked unleavened cake, typically crisp, flat and sweetcookie
55%
Small baked unleavened cake, typically crisp, flat and sweetbiscuit
53%
Light fuel oil obtained by distilling petroleum and used in internal combustion enginesgasoline
53%
Man's jacket without tails, typically black, worn with a bow tie for formal occasions in the eveningtuxedo
53%
Short flat-headed pin, for fastening paper to a wall or other surfacethumbtack
45%
Close-fitting waist-length garment with no sleeves, and buttoning down the frontwaistcoat
45%
Train for carrying goods rather than people{freight} train
42%
Train for carrying goods rather than people{goods} train
42%
Short flat-headed pin, for fastening paper to a wall or other surface{drawing} {pin}
39%
Board for displaying notices{bulletin} board
34%
Man's jacket without tails, typically black, worn with a bow tie for formal occasions in the eveningdinner jacket
24%
High, close-fitting, turned-over collar on a sweater{polo} neck
21%

Score Distribution

Percentile by Number Answered

Percent of People with Each Score

Your Score History

You have not taken this quiz